La Verge de Montserrat : a la capella dels reis al Monestir de El Paular, Rascafría (Madrid) a la capella dels reis al Monestir de El Paular, Rascafría (Madrid)
Descripción Física:
[8] p. : il. ; 21 cm
MARC
| LEADER | 00000nam a2200000Ia 4500 | ||
|---|---|---|---|
| 001 | 21509 | ||
| 008 | 160829s1970 xx 000 0 cat d | ||
| 080 | |a FU-40-36 | ||
| 245 | |a La Verge de Montserrat : |b a la capella dels reis al Monestir de El Paular, Rascafría (Madrid) | ||
| 260 | |a Madrid : |b Cercle Català, |c 1970 | ||
| 300 | |a [8] p. : |b il. ; |c 21 cm | ||
| 590 | |a Prové de S-626, exp. 114 | ||
| 650 | |a Monasterio de Santa Maria del Paular (Monestir : Madrid) |9 47672 | ||
| 700 | |a Cercle Català de Madrid |9 26616 | ||
| 700 | |a Monasterio de Santa Maria del Paular (Monestir : Madrid) |9 47672 | ||
| 901 | |a Arxiu | ||
| 942 | |n 1 | ||
| 952 | |0 0 |1 0 |4 0 |6 FU4036 |7 1 |9 54028 |a Arxiu |b Arxiu |d 2016-12-01 |l 0 |o FU-40-36 |p 21509 |r 2016-12-01 00:00:00 |w 2016-12-01 |y ARXIU | ||
| 999 | |c 57896 |d 57896 | ||